000 00416nam a22001697a 4500
005 20251108170629.0
008 250721s1976 xx 000 0 eng d
082 1 4 _a953.54/ALA
100 1 _aAlastos, Doros
245 1 0 _aCyprus in History /
264 1 _aLondon :
_bZeno Booksellers & Publishers,
_c1976.
300 _a426p : ill
650 1 7 _aCyprus
650 1 7 _aHistory
942 _2ddc
_cBK
999 _c45231
_d45231